000
00304nam a2200121Ia 4500
008
230907s9999||||xx |||||||||||||| ||und||
082
_a
621.31,MOH
100
_a
Mohan, Ned.
_9
68672
245
0
_a
Power electronics :
260
_a
Wiley,
_b
Hoboken, N.J. :
_c
2012
300
_a
xiii, 270 p. :
942
_c
BK
999
_c
597839
_d
597839